Mecánica de materiales

Saved in:
Bibliographic Details
Main Authors: Beer, Ferdinand Pierre (Author), Johnston, Ellwood Russell (Author)
Format: Book
Language:Spanish
Published: Bogotá McGraw-Hill 1993
Edition:2a. ed
Subjects:
Tags: Add Tag
No Tags, Be the first to tag this record!

MARC

LEADER 00000nam a2200000 a 4500
001 UCY3632
003 CL-VaPUC
008 950111e19930000CK |||||||||||||||||spa|d
020 |a 958600127X 
082 0 4 |a 620.1123  |b BEE  |2 21 
100 0 |a Beer, Ferdinand Pierre  |e author  |9 331989 
700 0 |a Johnston, Ellwood Russell  |e author  |9 331990 
245 1 0 |a Mecánica de materiales 
250 |a 2a. ed 
300 |a 738 p 
942 |c BK 
945 |d 19950111 00:00:00  |a mfernand 
260 |a Bogotá  |b McGraw-Hill  |c 1993 
500 |a Incluye 2 diskettes 
650 0 |a Resistencia de materiales  |9 260095 
650 0 |a Materiales  |9 260800 
650 0 |a Mecánica   |9 260096 
583 |a last modification  |c 19950111 00:00:00  |k Rodrigo Vera 
999 |c 231715  |d 231713 
952 |0 0  |1 0  |2 ddc  |4 0  |6 620_112300000000000_BEE_1993  |7 0  |8 A  |9 235277  |a BIBCUR  |b BIBCUR  |c RES  |d 2019-11-15  |i 3048683  |o 620.1123 BEE 1993  |p 3048683  |r 2025-04-22  |w 2019-11-15  |y BK  |k BCB 
952 |0 0  |1 0  |4 0  |6 620_112300000000000_BEE_1993  |7 0  |8 R  |9 235278  |a BIBMEC  |b BIBMEC  |d 2019-11-15  |i 1329979  |o 620.1123 BEE 1993  |p 1329979  |r 2024-01-19  |w 2019-11-15  |y BK_R  |k MEC 
952 |0 0  |1 0  |4 0  |6 620_112300000000000_BEE_1993  |7 0  |8 R  |9 235279  |a BIBMEC  |b BIBMEC  |d 2019-11-15  |i 3551016  |o 620.1123 BEE 1993  |p 3551016  |r 2024-01-19  |w 2019-11-15  |y BK_R  |k MEC 
952 |0 0  |1 0  |4 0  |6 620_112300000000000_BEE_1993  |7 0  |8 R  |9 235280  |a BIBMEC  |b BIBMEC  |d 2019-11-15  |i 3551024  |o 620.1123 BEE 1993  |p 3551024  |r 2024-01-19  |w 2019-11-15  |y BK_R  |k MEC 
952 |0 0  |1 0  |2 ddc  |4 0  |6 620_112300000000000_BEE_1993  |7 0  |8 A  |9 235286  |a BIBING  |b BIBING  |c RES  |d 2019-11-15  |i 3585689  |o 620.1123 BEE 1993  |p 3585689  |r 2025-01-20  |w 2019-11-15  |y BK  |k EIQ 
952 |0 0  |1 0  |4 0  |6 620_112300000000000_BEE_1993  |7 0  |8 CCM  |9 235287  |a BIBCUR  |b BIBCUR  |d 2019-11-15  |i 3734137  |o 620.1123 BEE 1993  |p 3734137  |r 2025-04-22  |w 2019-11-15  |y BK_R  |k CIM 
952 |0 0  |1 0  |4 0  |6 620_112300000000000_BEE_1993  |7 0  |8 CCM  |9 235288  |a BIBCUR  |b BIBCUR  |d 2019-11-15  |i 3734145  |o 620.1123 BEE 1993  |p 3734145  |r 2025-04-22  |w 2019-11-15  |y BK_R  |k CIM 
952 |0 0  |1 0  |4 0  |6 620_112300000000000_BEE_1993  |7 0  |8 CCM  |9 235289  |a BIBCUR  |b BIBCUR  |d 2019-11-15  |i 3734153  |o 620.1123 BEE 1993  |p 3734153  |r 2025-04-22  |w 2019-11-15  |y BK_R  |k CIM 
952 |0 0  |1 0  |4 0  |6 620_112300000000000_BEE_1993  |7 0  |8 CCM  |9 235290  |a BIBCUR  |b BIBCUR  |d 2019-11-15  |i 3794687  |o 620.1123 BEE 1993  |p 3794687  |r 2025-04-22  |w 2019-11-15  |y BK_R  |k RNT 
952 |0 0  |1 0  |4 0  |6 620_112300000000000_BEE_1993  |7 0  |8 R  |9 235291  |a BIBMEC  |b BIBMEC  |d 2019-11-15  |i 3823415  |o 620.1123 BEE 1993  |p 3823415  |r 2024-01-19  |w 2019-11-15  |y BK_R  |k MEC 
952 |0 0  |1 0  |4 0  |6 620_112300000000000_BEE_1993  |7 0  |8 R  |9 235292  |a BIBMEC  |b BIBMEC  |d 2019-11-15  |i 3823423  |o 620.1123 BEE 1993  |p 3823423  |r 2024-01-19  |w 2019-11-15  |y BK_R  |k MEC 
952 |0 0  |1 0  |4 0  |6 620_112300000000000_BEE_1993  |7 0  |8 R  |9 235293  |a BIBMEC  |b BIBMEC  |d 2019-11-15  |i 3823431  |o 620.1123 BEE 1993  |p 3823431  |r 2024-01-19  |w 2019-11-15  |y BK_R  |k MEC 
952 |0 0  |1 0  |4 0  |6 620_112300000000000_BEE_1993  |7 0  |8 R  |9 235294  |a BIBMEC  |b BIBMEC  |d 2019-11-15  |i 3913139  |o 620.1123 BEE 1993  |p 3913139  |r 2024-01-19  |w 2019-11-15  |y BK_R  |k MEC